| 000 | 00645cam a22002531 4500 | ||
|---|---|---|---|
| 001 | sa 65005478 | ||
| 003 | DLC | ||
| 005 | 20260227112138.0 | ||
| 008 | 890828s1964 ii b 000 0 urdr | ||
| 010 | _asa 65005478 | ||
| 035 | _a(OCoLC)20270826 | ||
| 040 |
_aDLC _cWaU _dDLC |
||
| 042 | _apremarc | ||
| 043 | _aa-ii--- | ||
| 050 | 0 | 0 |
_aDS461 _b.M8 |
| 100 | 1 | _aMuḥammad Miyān̲. | |
| 245 | 1 | 0 | _aHindūstān shāhān-i Mug̲h̲aliyah ke ʻahd men̲. |
| 260 | _c[1964] | ||
| 300 |
_a272 p. _c19 cm. |
||
| 500 | _aIn Urdu. | ||
| 500 | _aText partially vocalized. | ||
| 504 | _aBibliographical footnotes. | ||
| 651 | 0 | _aMogul Empire. | |
| 999 |
_c64347 _d64347 |
||